| 000 | 01008cam a2200313 a 4500 | ||
|---|---|---|---|
| 999 |
_c233209 _d233209 |
||
| 001 | 14395898 | ||
| 003 | Nust | ||
| 005 | 20170305111347.0 | ||
| 008 | 050705s2006 enk 000 1 eng d | ||
| 010 | _a 2006411068 | ||
| 015 |
_aGBA612465 _2bnb |
||
| 016 | 7 |
_a013375478 _2Uk |
|
| 020 | _a9788184000337 (pbk.) | ||
| 035 | _a(OCoLC)ocm62891643 | ||
| 040 |
_aUKM _cUKM _dDLC |
||
| 042 | _alccopycat | ||
| 050 | 0 | 0 |
_aPR9499.3.K283 _bH66 2006 |
| 082 | 0 | 0 |
_a823 _bKAP |
| 100 | 1 | _aKapur, Manju. | |
| 245 | 1 | 0 |
_aHome / _cManju Kapur. |
| 260 |
_aLondon : _bFaber and Faber, _c2006. |
||
| 300 |
_a339 p. ; _c22 cm. |
||
| 650 | 0 |
_aStores, Retail _zIndia _zDelhi _vFiction. |
|
| 651 | 0 |
_aDelhi (India) _xSocial life and customs _vFiction. |
|
| 655 | 0 | _aDomestic fiction. | |
| 906 |
_a7 _bcbc _ccopycat _d3 _encip _f20 _gy-gencatlg |
||
| 942 |
_2ddc _cBK |
||